[Event "Prague op"]
[Site "Prague"]
[Date "2020.02.19"]
[Round "6"]
[White "Simek, Petr"]
[Black "Rahul, Lamba"]
[Result "1-0"]
[WhiteElo "2313"]
[BlackElo "1785"]
[PlyCount "141"]
[EventDate "2020.02.14"]
[EventType "swiss"]
[EventRounds "9"]
[EventCountry "CZE"]
[SourceTitle "CBM 195 Extra"]
[Source "ChessBase"]
[SourceDate "2020.05.31"]
[SourceVersion "1"]
[SourceVersionDate "2020.05.31"]
[SourceQuality "1"]

1. d4 Nf6 2. c4 e6 3. g3 c5 4. d5 d6 5. Nc3 e5 6. Bg2 Be7 7. e4 0-0 8. Nf3 a6 9. a4 a5 10. 0-0 Na6 11. h3 Nb4 12. Be3 b6 13. Qd2 Nd7 14. Nh2 Re8 15. f4 Ba6 16. b3 Bf6 17. Ng4 h5 18. Nxf6+ Qxf6 19. fxe5 Qxe5 20. Rf5 Qe7 21. Rxh5 g6 22. Rh4 f6 23. Bf3 Ne5 24. Be2 Rf8 25. Rf1 Rae8 26. Kg2 Rf7 27. Rh6 Kg7 28. Qd1 Bc8 29. Rh4 Rh8 30. Rxh8 Kxh8 31. Qd2 Rh7 32. g4 g5 33. Bf2 Qg7 34. Rh1 Qh6 35. Qd1 Bd7 36. Bg3 Qg6 37. Rh2 Re7 38. Kf2 Kg8 39. Ke3 f5 40. gxf5 Bxf5 41. exf5 Nxc4+ 42. Kf2 Qxf5+ 43. Kg1 Ne3 44. Qd2 Nbc2 45. Bd3 Qf3 46. Qf2 Nd4 47. Qxf3 Nxf3+ 48. Kf2 Nxh2 49. Bxh2 c4 50. Be4 Nd1+ 51. Nxd1 Rxe4 52. bxc4 Rxc4 53. Bxd6 Rxa4 54. Bc7 Rb4 55. d6 Kf7 56. d7 Rd4 57. d8Q Rxd8 58. Bxd8 Kg6 59. Bxb6 a4 60. Bc5 Kh5 61. Kg3 Kg6 62. Kg4 Kh6 63. Nc3 Kg6 64. Nxa4 Kh6 65. Be3 Kg6 66. Bxg5 Kg7 67. h4 Kg6 68. h5+ Kh7 69. Kf5 Kg7 70. h6+ Kh7 71. Kf6 1-0